Responses for show #8289 - Thursday, November 26, 2020

Ryan Hemmel game 2.

Contestants

[<< previous game]

Aaron Fernandez, a freelance editor originally from Santa Cruz, California

Zack Jones, a law student from Fountain Valley, California

Ryan Hemmel, a legal technology professional from Los Angeles, California (whose 1-day cash winnings total $20,001)

[next game >>]

Jeopardy! Round responses

TV SPORTS MIX
ART & ARTISTS
MORE THAN ONE MEANING
CRIME & PUNISHMENT TALK
IT'S LIKE MAINE
ON YOUR WEDDING DAY
    $200 1
baseball

Ryan
    $200 12
the Eiffel Tower

Zack
    $200 11
stable

Zack
    $200 4
solitary confinement

Aaron
    $200 26
Portland

Zack
    $200 21
maid of honor

Zack
    $400 2
(Alex: Great series.)

The Last Dance

Triple Stumper
    $400 13
Mona Lisa

Zack
    $400 3
grave

Ryan
    $400 5
bail

Ryan
    $400 27
a lobster

Aaron
    $400 22
the bouquet

Aaron
    $600 16
Texas

Zack
    $600 14
(Zack: What is Amsterdam?)

The Hague

RyanZack
    $600 9
harbor

Aaron
    $600 6
clemency

Aaron
    $600 28
Bangor

Ryan
    $600 23
the best man

Ryan
    $800 17
hockey

Ryan
    $800 15
Édouard Manet

Triple Stumper
    $800 10
racket

Aaron
    $800 7
money laundering

Ryan
    $800 29
L.L. Bean

Zack
    $800 24
[Laughter as Alex imitates Sméagol when concluding his reading of the clue]

the ring bearer

Ryan
    $1000 18
Ballers

Zack
    $1,800 19
Andy Warhol

Zack
    $1000 20
loom

Aaron
    $1000 8
Sing Sing

Aaron
    $1000 30
Kennebunkport

Triple Stumper
    $1000 25
her train

Ryan

Scores at the first commercial break (after clue 15):

Ryan Zack Aaron
$2,400 $200 $3,200

Scores at the end of the Jeopardy! Round:

Ryan Zack Aaron
$6,200 $4,800 $5,000

Double Jeopardy! Round responses

ARE YOU SMARTER THAN A 5th CENTURY RAIDER?
BIG ADJECTIVES
MOVIE QUOTES
BESTSELLING NONFICTION
ZOOLOGY
EAGLE SCOUTS
    $400 8
St. Patrick

Zack
    $400 9
Mighty

Ryan
    $400 12
Moana

Zack
    $400 30
Dog the Bounty Hunter

Triple Stumper
    $400 2
sweat glands

Ryan
    $400 1
Spielberg

Aaron
    $800 5
India

Ryan
    $800 10
grand

Ryan
    $800 4
Rogue One

Ryan
    $800 29
Northern Ireland

Zack
    $800 11
an udder

Aaron
    $800 13
(Aaron: Who is Buttigieg?)

(Michael) Bloomberg

RyanAaron
    $1200 6
(Ryan: Who are the Normans?)

the Saxons

RyanAaron
    $1200 16
major

Aaron
    $1200 15
The Social Network

Zack
    $1200 19
(Arianna) Huffington

Ryan
    $1200 3
breaching

Ryan
    $1200 23
Mike Rowe

Zack
    $2,000 7
Carthage

Aaron
    $1600 17
jumbo

Aaron
    $1600 21
(Alex: Yeah, fun film.)

Cast Away

Ryan
    $1600 14
SEALs

Aaron
    $5,400 20
calcium

Ryan
    $1600 24
a heart

Zack
    $2000 22
Thermopylae

Zack
    $2000 18
colossal

Ryan
    $2000 28
Dead Poets Society

Ryan
    $2000 27
John Adams

Ryan
    $2000 26
the fetlock

Triple Stumper
    $2000 25
(Stephen) Breyer

Zack

Scores at the end of the Double Jeopardy! Round:

Ryan Zack Aaron
$24,400 $14,400 $13,000

[wagering suggestions for these scores]

Final Jeopardy! Round responses

RELIGIOUS WORDS
(Alex: Probably the shortest response any contestant had to write in Final Jeopardy!)
AaronWhat is om?
$13,000
ZackWhat is Om?
$13,001
RyanWhat is om?
$4,401
om

Final scores:

Ryan Zack Aaron
$28,801 $27,401 $26,000
2-day champion: $48,802 2nd place: $2,000 3rd place: $1,000

Game dynamics:

Coryat scores:

Ryan Zack Aaron
$20,600 $13,600 $12,600
23 R
(including 1 DD),
1 W
17 R
(including 1 DD),
1 W
15 R
(including 1 DD),
1 W

Combined Coryat: $46,800

The J! Archive is created by fans, for fans. The Jeopardy! game show and all elements thereof, including but not limited to copyright and trademark thereto, are the property of Jeopardy Productions, Inc. and are protected under law. This website is not affiliated with, sponsored by, or operated by Jeopardy Productions, Inc. Join the discussion at JBoard.tv.